000 00784nam a2200253Ia 4500
003 OSt
005 20220928125723.0
006 a|||||r|||| 00| 0
007 ta
008 220927b |||||||| |||| 00| 0 hin d
020 _c875
024 _a111325
037 _b411, 01/02/2011, Vidyanidhi Prakashan
_cTextual
040 _aSDCL
_cSDCL
_bhin
041 _2hin
_ahin
082 _aO15,2M78:g, 152P9
100 _aMishra Ajay Kumar
_9471239
245 0 _aMathura Prasad dikshita ke rupakon ki sameeksha.
260 _aNew Delhi
_bAbhivyakati Prakashan
_c2009
300 _axviii,515p.
_ccm.
650 _aSanskrit
_9391587
942 _hO15,2M78:g, 152P9
_cTEXL
_2CC
999 _c783843
_d783843